Χριστιανική τοπογραφία
Αποθηκεύτηκε σε:
| Κύριος συγγραφέας: | |
|---|---|
| Άλλοι συγγραφείς: | |
| Μορφή: | Βιβλίο |
| Γλώσσα: | Greek Ancient Greek |
| Δημοσίευση: |
Αθήνα :
Στοχαστής,
2008.
|
| Θέματα: | |
| Ετικέτες: |
Προσθήκη ετικέτας
Δεν υπάρχουν, Καταχωρήστε ετικέτα πρώτοι!
|
MARC
| LEADER | 00000nam a2200000 a 4500 | ||
|---|---|---|---|
| 001 | 1/116452 | ||
| 008 | 180510s2008####gr | ||| |||| ||gre|| | ||
| 020 | |a 9789603031604 | ||
| 040 | |a GR-MyUa |b gre |c GR-MyUa |e AACR2 | ||
| 041 | 1 | |a gre |h grc | |
| 082 | 7 | |a 230 |2 (23) | |
| 100 | 0 | |a Κοσμάς ο Ινδικοπλεύστης, |d θ. 535. | |
| 245 | 1 | 0 | |a Χριστιανική τοπογραφία / |c Κοσμάς Ινδικοπλεύστης ; εισαγωγή-μετάφραση-σχόλια Φάνης Καλαϊτζάκης. |
| 260 | |a Αθήνα : |b Στοχαστής, |c 2008. | ||
| 300 | |a 583 σ. ; |c 24 εκ. | ||
| 504 | |a Περιλαμβάνει ευρετήριο. | ||
| 600 | 1 | 0 | |a Cosmas, |c Indicopleustes, |d active 6th century. |t Christian topography. |
| 650 | 0 | |a Biblical cosmology. | |
| 650 | 0 | |a Christianity. | |
| 700 | 1 | |a Καλαϊτζάκης, Φάνης, |e aui |e edt |e trl | |
| 852 | |a INST |b LESVOS |c EUDOXUS |e 20180510 |h 230 ΚΟΣ |p 005100060247 |q 005100060247 |t EDX |y 0 | ||
| 920 | |a Εύδοξος |b Παραγγελία |y Λέσβος |z 2018-04 | ||
| 970 | |z 10-05-2018 | ||